[Event "HUN-chT2 Toth 0910"]
[Site "Hungary"]
[Date "2010.04.18"]
[Round "10.8"]
[White "Tokaji, Laszlo"]
[Black "Gomori, Mihaly"]
[Result "0-1"]
[WhiteElo "1735"]
[BlackElo "2013"]
[PlyCount "102"]
[EventDate "2009.11.08"]
[EventType "team-tourn"]
[EventRounds "11"]
[EventCountry "HUN"]
[SourceTitle "EXT 2011"]
[Source "ChessBase"]
[SourceDate "2010.11.26"]
[SourceVersion "1"]
[SourceVersionDate "2010.11.26"]
[SourceQuality "1"]
[WhiteTeam "Abony"]
[BlackTeam "Takisz"]
[WhiteTeamCountry "HUN"]
[BlackTeamCountry "HUN"]

1. d4 d5 2. c4 c6 3. e3 Nf6 4. Nc3 g6 5. cxd5 Nxd5 6. Nf3 Bg7 7. Be2 0-0 8. 0-0 b6 9. e4 Nxc3 10. bxc3 Bb7 11. Rb1 Nd7 12. Qc2 e5 13. dxe5 Nxe5 14. Nxe5 Bxe5 15. f4 Bg7 16. f5 Qe7 17. Bf3 Qc5+ 18. Kh1 Qxc3 19. Qe2 Qa5 20. Qc2 Rad8 21. Bg5 f6 22. Be3 Qe5 23. g3 Rd7 24. Rbd1 Rfd8 25. Rxd7 Rxd7 26. Rd1 Rxd1+ 27. Qxd1 Bf8 28. Bd4 Qd6 29. Qb3+ Kg7 30. Be3 c5 31. fxg6 hxg6 32. Kg2 Be7 33. Qc4 a6 34. h4 b5 35. Qc1 Qe5 36. Bf4 Qe6 37. Qc2 c4 38. g4 Bc8 39. Kg3 a5 40. Qd2 b4 41. Qd4 a4 42. e5 b3 43. axb3 cxb3 44. h5 g5 45. Qe4 gxf4+ 46. Kg2 fxe5 47. Be2 a3 48. Kf2 a2 49. Bd3 Qb6+ 50. Ke2 Qe3+ 51. Qxe3 fxe3 0-1